Estadísticas para Máximos goleadores de la Serie A

Haz click aquí para intentar la prueba.

Estadísticas generales

  • Esta prueba ha sido intentada 23 veces
  • La puntuación promedio es 5 de 15

Estadísticas de respuestas

GolesNacionalidadGoles por equipo(s)Jugador% Correcto
250ItaliaA. S. Roma (250)Francesco Totti
95%
183ArgentinaA. C. Fiorentina (151), A. S. Roma (30), F. C. Internazionale (2)Gabriel Batistuta
82%
188ItaliaJuventus (188)Alessandro Del Piero
77%
205ItaliaA. C. Fiorentina (39), Juventus F. C. (78), A. C. Milan (12), Bologna F. C. (22), F. C. Internazionale (9). Brescia Calcio (45)Roberto Baggio
68%
198ItaliaGenoa C. F. C. (5), Torino F. C. (27), S. S. Lazio (166)Ciro Immobile
59%
209ItaliaEmpoli F. C. (18), Udinese Calcio (191)Antonio Di Natale
45%
182ItaliaTorino F. C. (18), Ascoli F. C. (3), Udinese Calcio (25), S. S. C. Napoli (11), Juventus F. C. (23), U. C. Sampdoria (102)Fabio Quagliarella
27%
216ItaliaF. C. Internazionale (197), A. C. Milan (9), Juventus F. C. (10)Giuseppe Meazza
27%
188ItaliaPiacenza Calcio (3), Hellas Verona F. C. (5), Parma Calcio (50), A. C. Milan (36), A. C. Fiorentina (52), Genoa C. F. C. (19), Bologna F. C. (13), U. S. Palermo (10)Alberto Gilardino
23%
178ItaliaJuventus F. C. (178)Giampiero Boniperti
9%
225SueciaA. C. Milan (210), A. S. Roma (15)Gunnar Nordahl
9%
188ItaliaFoggia Calcio (11), S. S. Lazio (107), U. C. Sampdoria (3), Bologna F. C. (67)Giuseppe Signori
5%
216Brasil / ItaliaA. C. Milan (120), S. S. C. Napoli (71), Juventus F. C. (25) José Altafini
5%
190SueciaJuventus F. C. (8), Calcio Padova (20), A. C. Fiorentina (150), A. C. Milan (9), S. S. C. Napoli (3)Kurt Hamrin
5%
274ItaliaU. S. Pro Vercelli (51), S. S. Lazio (143), Juventus F. C. (10), Novara Calcio (70)Silvio Piola
5%

Distribución de puntuación

Porcentaje por número respondido

Porcentaje de gente con cada puntuación

Historial de tus puntuaciones

No has intentado esta prueba.